00941cam a2200253 a 450000100100000000500170001000800410002702000150006804000180008308200160010110000420011724500660015926000480022530000210027349000360029458600400033065000300037065000430040070000320044383000440047591000340051995201190055399900150067200000768420240529124642.0961002s1994 cu 001 f spa  a9590400302 aDO-SdBNPcDLC a869.4bO71s1 aOrlandi, Décio Tadeu,d1965-92129613aEl santo /cDecio Tadeu Orlandi ; traducción Sergio Flores. aLa Habana :bCasa de las Américas,c1994. a129 p. ;c19 cm.1 aLiteratura brasileñaanovela. aPremio Casa de las Améicas, 1994. 0aNovela brasileña913650 4aLiteratura brasileñaySIGLO XX947161 aFlores, Sergio,etr.921297 0aLiteratura brasileña,pnovela.921298 aCatalogación por copia / LC 001052708MOaGRbGRcCTd2009-09-09iLF1l0o869.4 O71sp7684-10r2020-06-25w2020-06-25y2ZPréstamo interno c7464d7464